[Event "Benidorm Bali op-B 20th"]
[Site "Benidorm"]
[Date "2023.12.08"]
[Round "9"]
[White "Calatayud Ortega, Alberto"]
[Black "Martin Ramos, Hector"]
[Result "0-1"]
[WhiteElo "1863"]
[BlackElo "1953"]
[PlyCount "138"]
[EventDate "2023.12.01"]
[EventType "swiss"]
[EventRounds "9"]
[EventCountry "ESP"]
[SourceTitle "CB51_2023"]
[SourceDate "2023.12.20"]
[SourceVersion "1"]
[SourceVersionDate "2023.12.20"]
[SourceQuality "1"]

1. d4 Nf6 2. Bf4 g6 3. Nc3 d5 4. f3 Bg7 5. Qd2 0-0 6. Bh6 c5 7. Bxg7 Kxg7 8. e3 a6 9. Nge2 c4 10. g4 b5 11. Ng3 b4 12. Nce2 Nc6 13. h4 Rh8 14. g5 Ne8 15. h5 Nd6 16. Bh3 Bxh3 17. Rxh3 Qd7 18. Rh2 Rac8 19. c3 bxc3 20. bxc3 Rb8 21. Nf4 Nf5 22. h6+ Kf8 23. Rg2 Nh4 24. Rf2 Nf5 25. Nf1 e5 26. Ne2 exd4 27. Nxd4 Ncxd4 28. exd4 f6 29. Re2 Kf7 30. Kf2 Rhe8 31. Rae1 Rxe2+ 32. Rxe2 Re8 33. f4 Rxe2+ 34. Qxe2 Qe6 35. Qxe6+ Kxe6 36. gxf6 Nd6 37. Ng3 Kxf6 38. Kf3 Nf5 39. Nf1 Nxh6 40. Ne3 Ke6 41. a4 Nf5 42. Ng4 Nd6 43. Nf2 Kf5 44. Nd1 Ne4 45. Ne3+ Ke6 46. Nd1 h6 47. Ke2 Kf6 48. Kf3 g5 49. fxg5+ Kxg5 50. a5 h5 51. Ne3 Nxc3 52. Nc2 Nb5 53. Nb4 Nc7 54. Nc2 h4 55. Ne3 c3 56. Ke2 h3 57. Nf1 Kf4 58. Kd3 Nb5 59. Nh2 Nxd4 60. Kxc3 Nc6 61. Kd3 Kg3 62. Nf1+ Kf2 63. Nh2 Kg2 64. Ng4 h2 65. Nxh2 Kxh2 66. Ke3 Kg2 67. Ke2 d4 68. Kd3 Kf3 69. Kc4 Ke3 0-1

[Event "Benidorm op U2000 17th"]
[Site "Benidorm"]
[Date "2018.12.02"]
[Round "3"]
[White "Belchev, Emil"]
[Black "Calatayud Ortega, Alberto"]
[Result "1-0"]
[WhiteElo "1957"]
[BlackElo "1858"]
[PlyCount "57"]
[EventDate "2018.11.30"]
[EventType "swiss"]
[EventRounds "10"]
[EventCountry "ESP"]
[SourceTitle "EXT 2022"]
[Source "ChessBase"]
[SourceDate "2021.10.06"]
[SourceVersion "1"]
[SourceVersionDate "2021.10.06"]
[SourceQuality "1"]

1. e4 Nc6 2. Nc3 d6 3. Nf3 e5 4. d4 exd4 5. Nxd4 Nf6 6. Bg5 Be7 7. Qd2 0-0 8. Nf3 a6 9. 0-0-0 Be6 10. Bd3 Nb4 11. Rhe1 Nxd3+ 12. Qxd3 Ng4 13. Bxe7 Qxe7 14. Nd5 Qd7 15. Re2 Bxd5 16. Qxd5 Nf6 17. Qd3 Qa4 18. Kb1 h6 19. b3 Qa5 20. Nd4 Qh5 21. h3 Rae8 22. Nf5 Kh8 23. g4 Qg5 24. f3 Qf4 25. Qc3 Qe5 26. Qxc7 Nd5 27. Rxd5 Qf4 28. Qc3 f6 29. Qe3 1-0

[Event "Benidorm op U2000 13th"]
[Site "Benidorm"]
[Date "2014.12.05"]
[Round "8"]
[White "Calatayud Ortega, Alberto"]
[Black "Cartagena Sanchez, Javier"]
[Result "0-1"]
[WhiteElo "1788"]
[BlackElo "1952"]
[PlyCount "53"]
[EventDate "2014.11.28"]
[EventType "swiss"]
[EventRounds "10"]
[EventCountry "ESP"]
[SourceTitle "CBM 163 Extra"]
[Source "ChessBase"]
[SourceDate "2014.12.23"]
[SourceVersion "1"]
[SourceVersionDate "2014.12.23"]
[SourceQuality "1"]

1. d4 Nf6 2. Nf3 d6 3. c4 g6 4. g3 Bg7 5. Bg2 0-0 6. 0-0 Nbd7 7. Nc3 e5 8. e4 a5 9. b3 exd4 10. Nxd4 Nc5 11. Rb1 Re8 12. Re1 Ng4 13. f4 Ne6 14. Nxe6 Bxe6 15. Nb5 c6 16. Nxd6 Qb6+ 17. Be3 Nxe3 18. Qf3 Nxc4+ 19. Kh1 Nxd6 20. g4 f5 21. gxf5 gxf5 22. e5 Bd5 23. Qg3 Bxg2+ 24. Qxg2 Ne4 25. Rxe4 fxe4 26. Rg1 Qc7 27. f5 0-1